La trinidad: misterio de salvación
Uloženo v:
| Hlavní autor: | |
|---|---|
| Médium: | Kniha |
| Jazyk: | španělština |
| Vydáno: |
Madrid
Palabra
2000
|
| Vydání: | 1a. ed |
| Edice: | Colección Pelícano
Manuales Pelícano |
| Témata: | |
| Tagy: |
Přidat tag
Žádné tagy, Buďte první, kdo vytvoří štítek k tomuto záznamu!
|
MARC
| LEADER | 00000cam a2200000 a 4500 | ||
|---|---|---|---|
| 001 | UCK4412 | ||
| 003 | CL-VaPUC | ||
| 008 | 050603e20000000SP |||||||||||||||||spa|d | ||
| 020 | |a 8482394231 | ||
| 082 | 0 | 4 | |a 231.044 |b SAY |2 21 |
| 100 | 0 | |a Sayés, José Antonio |e author |9 492939 | |
| 245 | 1 | 3 | |a La trinidad: misterio de salvación |
| 250 | |a 1a. ed | ||
| 300 | |a 398 p | ||
| 942 | |c BK | ||
| 945 | |d 20050603 00:00:00 |a jcarroza | ||
| 260 | |a Madrid |b Palabra |c 2000 | ||
| 650 | 0 | |a Teología cristiana |9 308336 | |
| 650 | 7 | |a SANTISIMA TRINIDAD |2 CL-VaPUC |9 479104 | |
| 650 | 0 | |a Salvación |9 315007 | |
| 583 | |a last modification |c 20170615 02:57:38 |k Rodrigo Vera | ||
| 490 | 0 | |a Colección Pelícano | |
| 490 | 0 | |a Manuales Pelícano | |
| 999 | |c 313290 |d 313288 | ||
| 952 | |0 0 |1 0 |4 0 |6 231_044000000000000_SAY_2000 |7 0 |8 A |9 384545 |a BIBTEO |b BIBTEO |d 2019-11-22 |i 4117026 |l 1 |o 231.044 SAY 2000 |p 4117026 |r 2025-01-17 |s 2023-10-25 |w 2019-11-22 |y BK |k ICR | ||
| 952 | |0 0 |1 0 |3 erb |4 0 |6 231_044000000000000_SAY_2000 |7 0 |8 A |9 384546 |a BIBTEO |b BIBTEO |i 5398991 |o 231.044 SAY 2000 |p 5398991 |r 2025-01-17 |w 2019-11-22 |y BK |z Catalogado en:20170616 |k ICR | ||